| Tag |
First Indicator |
Second Indicator |
Subfields |
| LEADER |
00000cam a2200000 a 4500 |
| 001 |
in00000080799 |
| 005 |
20151008054102.0 |
| 008 |
800813r19791973miu 00011 rusod |
| 035 |
|
|
|a (OCoLC)06614785
|
| 035 |
|
|
|9 AAH9581AM
|
| 040 |
|
|
|a UUM
|c UUM
|d TXA
|d UtOrBLW
|
| 049 |
|
|
|a TXAM
|c [1501959]
|
| 090 |
|
|
|a PG3476.B78
|b M3 1979
|
| 092 |
|
|
|a 891.73
|
| 100 |
1 |
|
|a Bulgakov, Mikhail,
|d 1891-1940.
|
| 245 |
1 |
0 |
|a Master i Margarita /
|c M. Bulgakov.
|
| 264 |
|
1 |
|a Ann Arbor :
|b Ardis,
|c [1979?]
|
| 300 |
|
|
|a 391 pages ;
|c 15 cm.
|
| 336 |
|
|
|a text
|b txt
|2 rdacontent
|
| 337 |
|
|
|a unmediated
|b n
|2 rdamedia
|
| 338 |
|
|
|a volume
|b nc
|2 rdacarrier
|
| 500 |
|
|
|a Reprinted from the 1973 edition of Mikhail Bulgakov's "Romany."
|
| 500 |
|
|
|a In Cyrillic characters.
|
| 999 |
|
|
|a MARS
|
| 999 |
f |
f |
|s b0cb6a3e-4627-321f-abce-29d595e9131f
|i e98c8ea4-ed95-3702-95de-78e86cb7e149
|t 0
|
| 952 |
f |
f |
|p normal
|a Texas A&M University
|b College Station
|c Sterling C. Evans Library
|d Evans: Library Stacks
|t 0
|e PG3476.B78 M3 1979
|h Library of Congress classification
|i unmediated -- volume
|m A14806175703
|
| 998 |
f |
f |
|a PG3476.B78 M3 1979
|t 0
|l Evans: Library Stacks
|